67-Quiz-theme 67 - Statistiques

Statistiques générales
  • Ce quiz a été pris 8 fois
  • Le résultat moyen est 5 sur 15
Statistiques - réponses
Question Réponse % Correct
Est-ce que 67 est un nombre premier ? Oui
75%
Qui était le président de la République Française en 1967 ? Charles De Gaulle
63%
En quelle année le joueur de football Lionel Messi a réussi à marquer 67 buts ? 2011
50%
Quel est le 67e département Français ? Le Bas-Rhin
50%
En 1667 qui était le roi de France ? Louis XIV
50%
En 1367 quelle guerre Française était en court ? La guerre de 100 ans
38%
Où a été tournée la vidéo originale de 67 ? Terrain de Basket
38%
En 67 ap JC quel empereur Romain réputé comme cruel était au pouvoir ? Néron
25%
En 767 quel roi des Francs père de Charlemagne était en fin de règne ? Pépin le Bref
25%
Quel révolutionnaire Argentin fut éxecuté en Bolivie en Octobre 1967 ? Che Guevara
13%
Qui fut le premier youtubeur à atteindre les 67 milions d'abonnés sur Youtube ? PewDiePie
13%
Dans quel arc de One Piece se déroule le tome 67 ? Punk Hazard
13%
Quel pays en 1867 devient officiellement autonome de l'empire Britanique ? Canada
0%
Quel titre des Beatles est sortie en 1967 ? Hello Goodbye
0%
Quel joueur de tennis était considéré comme le n°1 mondial en 1967 ? Rod Laver
0%
Aucun quiz correspondant
Distribution des résultats
% des personnes avec chaque résultat
Percentile par nombre de réponses
Votre historique - résultats
Vous n’avez pas pris ce quiz